ბათუმის შოთა რუსთაველის სახელმწიფო უნივერსიტეტის ბიბლიოთეკა

Oxford English for Careers (ბიბ.ჩანაწერი № 49491)

000 -LEADER
fixed length control field 00785nam a2200253Ia 4500
001 - CONTROL NUMBER
control field 16415
003 - CONTROL NUMBER IDENTIFIER
control field GE_BSU
008 - FIXED-LENGTH DATA ELEMENTS--GENERAL INFORMATION
fixed length control field 181216s||||||||xx |||||||||||||| ||und||
020 ## - INTERNATIONAL STANDARD BOOK NUMBER
International Standard Book Number 9780194569569
040 ## - CATALOGING SOURCE
Transcribing agency GE_BSU
080 ## - UNIVERSAL DECIMAL CLASSIFICATION NUMBER
Universal Decimal Classification number 811.111+61
100 ## - MAIN ENTRY--PERSONAL NAME
Personal name McCarter, Sam
245 ## - TITLE STATEMENT
Title Oxford English for Careers
245 ## - TITLE STATEMENT
Remainder of title Medicine 2: Student's Book
260 ## - PUBLICATION, DISTRIBUTION, ETC.
Place of publication, distribution, etc. OXFORD
260 ## - PUBLICATION, DISTRIBUTION, ETC.
Name of publisher, distributor, etc. Oxford University Press
260 ## - PUBLICATION, DISTRIBUTION, ETC.
Date of publication, distribution, etc. 2014
300 ## - PHYSICAL DESCRIPTION
Extent 144 pages,ill,27cm.
653 ## - INDEX TERM--UNCONTROLLED
Uncontrolled term Medicine 2 teaches pre-work students to communicate accurately and effectively in English, with patients and colleagues.
653 ## - INDEX TERM--UNCONTROLLED
Uncontrolled term ინგლისური ენა მედიკოსებისათვის
653 ## - INDEX TERM--UNCONTROLLED
Uncontrolled term მედიცინა
942 ## - ADDED ENTRY ELEMENTS (KOHA)
Koha item type წიგნი
ეგზემპლარები
Withdrawn status Lost status Damaged status Not for loan Date acquired Barcode Date last seen Price effective from Koha item type
        2018-12-17 41154 2018-12-17 2018-12-17 წიგნი